| 000 | 01170nam2a22002531 4500 | ||
|---|---|---|---|
| 001 | v19\rc\1464776 | ||
| 005 | 20250618144641.0 | ||
| 035 | _a(NLR Aleph) 004601891 | ||
| 090 |
_a2796921 _c2796921 |
||
| 100 | _a20060620d1875 |||y0rusy50 ca | ||
| 101 | 0 | _arus | |
| 102 | _aRU | ||
| 105 | _ay z ||||| | ||
| 200 | 1 | _aОбязательное право | |
| 210 |
_d[1875] _aБ. м. |
||
| 215 | _a80 с. | ||
| 300 | _aИзд. не закончено; текст обрывается словами: "Прежде всего, конечно,..." | ||
| 461 | 0 |
_1001v19\rc\1464775 _12001#$aКурс гражданского права$eЛекции С.В. Пахмана 1874-1875 акад. г.$vЧ. 3 _1700#1$aПахман$bС.В.$f1825-1910$gСемен Викентьевич _92796912 _aПахман, С. В. (1825-1910) _cСанкт-Петербург _d1875 _nрусская лит. Курочкина _oЛекции С.В. Пахмана 1874-1875 акад. г. _tКурс гражданского права _vЧ. 3 |
|
| 801 | 0 |
_aRU _bNLR _gpsbo |
|
| 801 | 0 |
_aRU _bRuMoRGB _2psbo |
|
| 801 | 1 |
_aRU _bProSoft-M _2rusmarc |
|
| 852 |
_aNLR _j18.185.2.72 |
||
| 942 | _cBOOK | ||
| 980 | _aNB | ||